000
00253nam a2200109Ia 4500
005
20251222143231.0
008
251222s9999||||xx |||||||||||||| ||spa||
082
_a
362.298.5/C76/2007
245
0
_a
II Estudio Nacional:
264
_b
Devida
942
_c
LIB
999
_c
14194
_d
14194